LEADER 01399nam a2200265 i 4500 001 000000217983 003 CaOOAMICUS 005 20130109000000.0 008 130109s2004 it u000 u ita u 013 $a196880 020 $a88-452-1137-1 040 $aSeMil$bita 245 10$aBibliografia dei pensatori greci e romani :$bschedario dei pensatori antichi e della loro produzione filosofica con una bibliografia selezionata /$ccon la collaborazione di Giuseppe Girgenti ... [et al.] ; indici di Alberto Bellanti. 300 $a557 p. 490 0 $aTascabili Bompiani 650 4$aFilosofia - Bibliografia.$0(OLS)http://semarc/subject/181 700 1 $aBellanti, Alberto.$0(OLS)http://semarc/name/51815 700 1 $aGirgenti, Giuseppe,$d<1967- >.$0(OLS)http://semarc/name/317 773 0 $aReale, Giovanni <1931-2014>$tStoria della filosofia greca e romana.$dMilano : Tascabili Bompiani, 2004.$g10$w()27900 830 0$aTascabili Bompiani.$0(OLS)http://semarc/title/7395 850 $aSeMil 852 $aSeMil$W1$xVenegono$y1$m2Q II 166$j168397$B168397$CSeMilBibl$Z2$F179227 $81 961 $aLascito: Martini Card. Carlo Maria 996 $6020$a88-452-1137-1$9(OLS)http://semarc/number/215463 996 $6245$aBibliografia dei pensatori greci e romani :$bschedario dei pensatori antichi e della loro produzione filosofica con una bibliografia selezionata$9(OLS)http://semarc/title/313139 LEADER 01211nam a2200289 i 4500 001 000000201449 003 CaOOAMICUS 005 20110429000000.0 008 110429s2011 it u000 u ita u 013 $a180150 020 $a978-88-10-40828-5 040 $aSeMil$bita 100 1 $aFrosini, Giordano,$d<1927-2019>.$0(OLS)http://semarc/name/8003 245 10$aDio, il cosmo, l'uomo :$bexitus-reditus /$cGiordano Frosini. 260 $aBologna :$bEDB,$c2011. 300 $a432 p. ;$c24 cm. 490 0 $aNuovi saggi teologici. Series maior 650 4$aTrinità.$0(OLS)http://semarc/subject/940 650 4$aTeologia - Uomo e Dio.$0(OLS)http://semarc/subject/26153 650 4$aDio e uomo.$0(OLS)http://semarc/subject/9592 830 0$aNuovi saggi teologici. Series maior.$0(OLS)http://semarc/title/661 850 $aSeMil 852 $aSeMil$W1$xVenegono$y1$m2LA O 6$j264631$B151975$CSeMilBibl$Z2$F163145 $81 961 $aAcquisto: L.S. srl 996 $6020$a978-88-10-40828-5$9(OLS)http://semarc/number/194144 996 $6245$aDio, il cosmo, l'uomo :$bexitus-reditus$9(OLS)http://semarc/title/291515 996 $6260$aBologna :$bEDB$9(OLS)http://semarc/publisher/29669 LEADER 00687naa a2200157 i 4500 001 000000318560 003 CaOOAMICUS 005 20180831173250.0 008 180831n it u000 u ita u 013 $a28080 040 $aSeMil$bita 100 1 $aNeunheuser, Burkhard,$c.$0(OLS)http://semarc/name/16100 245 13$aLa liturgia della chiesa come culto del corpo di Cristo. 650 4$aChiesa - Liturgia.$0(OLS)http://semarc/subject/9365 773 0 $tMysterion.$dLeumann (Torino) : Elle Di Ci, 1981.$kQuaderni di Rivista liturgica. Nuova serie$z88-01-13894-6$gp.25-48$w()52469 996 $6245$aLa liturgia della chiesa come culto del corpo di Cristo$9(OLS)http://semarc/title/392430 LEADER 00952nam a2200229 i 4500 001 000000038722 003 CaOOAMICUS 005 20140515000000.0 008 140515s1980 it u000 u ita u 013 $a9330 040 $aSeMil$bita 100 1 $aGentili, Antonio .$0(OLS)http://semarc/name/4317 245 10$a...E Dio disse :$buna lettura spirituale di Genesi 1-12 /$cAntonio Gentili. 260 $aMilano :$bÀncora,$ccopyr. 1980. 300 $a157 p. ;$c19 cm. 500 $aIn appendice : Lectio divina di Genesi 1-12 e Esercizi spirituali. 650 4$aBibbia. Antico Testamento. Genesi, 1-11.$0(OLS)http://semarc/subject/1393 850 $aSeMil 852 $aSeMil$W1$xVenegono$y1$m2Z I 261$j4877$B4877$CSeMilBibl$Z2$F4877 $81 961 $aOmaggio: Deposito 996 $6245$a...E Dio disse :$buna lettura spirituale di Genesi 1-12$9(OLS)http://semarc/title/54792 996 $6260$aMilano :$bÀncora$9(OLS)http://semarc/publisher/29763